Регионална библиотека "Любен Каравелов" - Русе

Шедьоври на планетата Земя (Запис номер 70629)

MARC детайли
000 -Лидер
Контролно поле с фиксирана дължина 01830nam a2200397 c 4500
003 - Код на организацията, давaща контролен номер
Контролно поле BLK
005 - Дата и час на последна редакция
Контролно поле 20230627110147.0
008 - Елементи от данни с фиксирана дължина
fixed length control field 180408b bul|||||r ||||||| ||bul||
010 ## - Наследен системен номер
LC control number KNG00074989000
020 ## - Международен стандартен номер на книга ISBN
Международен стандартен номер на книга ISBN 978-954-9935-55-4
-- издат.: Рийдърс Дайджест
040 ## - Източник на каталожния запис
Идентификатор на билиотеката - собственик на записа BLK
041 ## - Код за език
Код за езика на текст/звукозапис или на отделно заглавие Български
Код за езика КДБФ Български
072 #7 - Код за тематичната категория
Код организация bullib
Код за тематична категория Н50
Текст Естествени науки. Математика и др. Н
080 ## - УДК
Текстов определител УДК Физическа география и природа
УДК код - определител по УДК 502:911.2
УДК определител (100)
УДК - код + определител 502:911.2(100)
139 ## - Редно поле
Редна дума Шедьоври на планетата Земя
Авторски знак Шевч - Ш 47
245 10 - Сведения за заглавието
Заглавие Шедьоври на планетата Земя
Редно поле (дума) авт. на текста Петер Гьобел; авт. на текста Урсула Пфениг; адапт. и прев. Анета Илиева Тошева.
257 ## - Страна на издаване
Страна на създаване/издаване Германия
260 ## - Област на издателските данни
-- София
Име на издателя, разпространителя и проч. Рийдърс Дайджест
Година на издаване 2009
Печатница Отпеч. в Китай
300 ## - Физическа характеристика
Страници 320 с.
Илюстрации и др. с цв. ил.
Размери/Мащаб 31 см
380 ## - Жанр
Жанр Естествени науки. Математика
500 ## - Общи забележки
Забележка Прев. от фр. изд. ; ориг. загл. Geheimnisse der Erde. - На гърба на загл. с. погрешно означено бълг. адапт. - Азб. показалец.
650 #4 - Допълнително описание по предмет – тема
Основно описание – тема или топоним Природа
9 (RLIN) 167826
650 #4 - Допълнително описание по предмет – тема
Основно описание – тема или топоним Физическа география
9 (RLIN) 283035
653 ## - Ключова дума – ненормативна
Ключова дума физическа география
653 ## - Ключова дума – ненормативна
Ключова дума природа
659 ## - Тематичен бюлетин
Тематичен бюлетин Н
700 1# - Други автори (авторска отговорност)
Лично име Гьобел, Петер
Автороска отговорност (Описва отношението между автора и произведението) авт. на текста
9 (RLIN) 57527
700 1# - Други автори (авторска отговорност)
Лично име Пфениг, Урсула
Автороска отговорност (Описва отношението между автора и произведението) авт. на текста
9 (RLIN) 113518
700 ## - Други автори (авторска отговорност)
Лично име Тошева, Анета Илиева
9 (RLIN) 366009
852 ## - Местоположение
Форматна сигнатура Цб ІІ 16887
856 4# - Електронен адрес и достъп
Електронен формат pdf - файл
Път до файла /url/
856 4# - Електронен адрес и достъп
Електронен формат pdf - файл
Път до файла /url/
942 ## - АРТИКУЛИ
Вид на библиотечния материал Книги
Скрит в OPAC Не
944 ## - СЪЗДАВАНЕ И РЕДАКЦИЯ на ЗАПИСА
Създаване/Редакция Създаване
Дата на регистрацията/редакция 29.09.2011
Служител, извършил регистрацията/редакцията Валя_Йорданова
944 ## - СЪЗДАВАНЕ И РЕДАКЦИЯ на ЗАПИСА
Създаване/Редакция Редакция
Дата на регистрацията/редакция 29.09.2011
Служител, извършил регистрацията/редакцията
999 ## - СИСТЕМНИ КОНТРОЛНИ НОМЕРА
Koha biblionumber 70629
Koha biblioitemnumber 70629
Наличности
Код за отписване Код за изгубен артикул Код за повреда Коз за рестрикции Код за отдаване Артикулен № Име на библиотеката - собственик Име на библиотеката, в която се намира в момента Статус (Текущо местоположение) Дата на вписване в системата Местоположение - отдел Цена в лева Инвентарен номер Систематично азбучна сигнатура Баркод Номер на екземпляра Цена в евро Служебна бележка Служебен тип на артикула
  Не е изгубен Не е повреден без рестрикции ползва се в читалня 115313 Регионална библиотека "Любен Каравелов" Русе Регионална библиотека "Любен Каравелов" Русе Хранилище 2011-09-26 Хранилище 48.80 120000753375 Цб ІІ 16887 120000753375 1 24.95 Дост: Dp Вид: Д N: 9 Дата: 28.02.2011 Книги
Vip Innovations Ltd, Rousse, Bulgaria 2025